| 000 | 00694nam a2200229 4500 | ||
|---|---|---|---|
| 003 | OSt | ||
| 005 | 20240730072501.0 | ||
| 006 | a | ||
| 008 | 240730b |||||||| |||| 00| 0 eng d | ||
| 020 | _a9780073376837 | ||
| 040 |
_aDWCL-Main lib. _cOC |
||
| 082 | _aCirc. 658.4038011 B197i 2011 | ||
| 100 | _aBaltzan, Paige | ||
| 245 | _aInformation systems / | ||
| 260 |
_aN.Y. : _bMcGraw-Hill/Irwin, _cc2011. |
||
| 300 |
_axii, _b369 p. : col. ill. ; _c28 cm. |
||
| 504 | _aIncludes bibliographical references & index. | ||
| 650 | _a1. Information technology-Management. | ||
| 650 | _a2. Electronic commerce. | ||
| 650 | _a3. Business-computer programs. | ||
| 942 |
_2ddc _n0 _cBK-CIRC _kCirc. |
||
| 999 |
_c2979 _d2979 |
||